হৃৎ-খৈয়ামের রুবাইয়াৎ / (Record no. 47843)
[ view plain ]
| 000 -LEADER | |
|---|---|
| fixed length control field | 00797nam a2200229 a 4500 |
| 001 - CONTROL NUMBER | |
| control field | 47843 |
| 003 - CONTROL NUMBER IDENTIFIER | |
| rucl marc code | BD-RjUL |
| 005 - DATE AND TIME OF LATEST TRANSACTION | |
| control field | 20211209054414.0 |
| 008 - FIXED-LENGTH DATA ELEMENTS--GENERAL INFORMATION | |
| fixed length control field | 160810s2011 bg ||||| |||| 00| p ben d |
| 020 ## - INTERNATIONAL STANDARD BOOK NUMBER | |
| International Standard Book Number | 9847017800598 |
| Terms of availability | : Tk. 80.00 |
| 035 ## - SYSTEM CONTROL NUMBER | |
| System control number | (BD-RjUL) 47962 |
| 040 ## - CATALOGING SOURCE | |
| Original cataloging agency | BD-RjUL |
| Language of cataloging | ben |
| Transcribing agency | BD-RjUL |
| 041 ## - LANGUAGE CODE | |
| Language code of text/sound track or separate title | ben |
| 082 ## - DEWEY DECIMAL CLASSIFICATION NUMBER | |
| Edition number | 23 |
| Classification number | 891.441 |
| Author mark and year | MAR 2011 |
| 100 1# - MAIN ENTRY--PERSONAL NAME | |
| Personal name | মাহমুদ, অনীক |
| 9 (RLIN) | 119322 |
| 245 10 - TITLE STATEMENT | |
| Title | হৃৎ-খৈয়ামের রুবাইয়াৎ / |
| Statement of responsibility, etc. | অনীক মাহমুদ |
| 260 ## - PUBLICATION, DISTRIBUTION, ETC. (IMPRINT) | |
| Place of publication, distribution, etc. | ঢাকা : |
| Name of publisher, distributor, etc. | সুচয়নী পাবলিশার্স, |
| Date of publication, distribution, etc. | ২০১১ |
| 300 ## - PHYSICAL DESCRIPTION | |
| Pagination | ৬৪ পৃ. ; |
| Size | ২১ সেমি. |
| 650 ## - SUBJECT ADDED ENTRY--TOPICAL TERM | |
| Topical term or geographic name as entry element | বাংলা কবিতা |
| 9 (RLIN) | 145246 |
| Topical term or geographic name as entry element | Bengali Poetry |
| 9 (RLIN) | 145247 |
| 942 ## - ADDED ENTRY ELEMENTS (KOHA) | |
| Source of classification or shelving scheme | Dewey Decimal Classification |
| Koha item type | Books |
| Lost status | Source of classification or shelving scheme | Damaged status | Not for loan | Collection code | Permanent Location | Current Location | Shelving location | Date acquired | Source of acquisition | Total Checkouts | Full call number | Date last seen | Date checked out | Copy number | Koha item type | Cost, normal purchase price |
|---|---|---|---|---|---|---|---|---|---|---|---|---|---|---|---|---|
| Dewey Decimal Classification | Non-fiction | Central Library, University of Rajshahi | Central Library, University of Rajshahi | 27/03/2012 | Author, Rajshahi | 2 | B 891.441 MAR 2011 | 02/02/2017 | 22/01/2017 | C-2 | Books | |||||
| Dewey Decimal Classification | Not For Loan | Non-fiction | Central Library, University of Rajshahi | Central Library, University of Rajshahi | Reading Room | 27/03/2012 | Lekhok, Rajshahi | B 891.441 MAR 2011 | 30/01/2017 | C-1 | Books | 80.00 |